|
|
|
|
| LEADER |
01120nam a2200289 a 4500 |
| 001 |
4491138 |
| 008 |
091227s1998 mau b 000 0 eng d |
| 010 |
|
|
|a \\\97040213
|
| 020 |
|
|
|a 0070540020 (alk. paper)
|
| 040 |
|
|
|a DLC
|c DLC
|d DLC
|d BD-DhAAL
|
| 082 |
0 |
0 |
|a 305.42/01
|2 21
|
| 245 |
0 |
0 |
|a Contemporary feminist theory :
|b a text/reader /
|c edited and with introductory essays by Mary F. Rogers.
|
| 260 |
|
|
|a Boston, Mass. :
|b McGraw-Hill,
|c c1998.
|
| 300 |
|
|
|a viii, 504 p. ;
|c 24 cm.
|
| 504 |
|
|
|a Includes bibliographical references.
|
| 541 |
1 |
|
|e 00007606
|
| 650 |
|
0 |
|a Feminist theory.
|
| 650 |
|
0 |
|a Feminism.
|
| 650 |
|
0 |
|a Women
|x Political activity.
|
| 650 |
|
0 |
|a Power (Social sciences)
|
| 650 |
|
0 |
|a Sex role.
|
| 650 |
|
0 |
|a Women
|x Sociological aspects.
|
| 700 |
1 |
|
|a Rogers, Mary F.
|q (Mary Frances),
|d 1944-
|
| 852 |
4 |
|
|a Ayesha Abed Library
|j General shelf
|
| 942 |
0 |
0 |
|0 1
|
| 999 |
|
|
|c 6450
|d 6450
|
| 952 |
|
|
|0 0
|1 0
|2 ddc
|4 0
|6 305_420100000000000_CON_1998
|7 0
|9 6531
|a BRACUL
|b BRACUL
|c GEN
|d 2009-12-27
|g 0.00
|l 8
|m 17
|o 305.4201 CON
|p 3010007606
|r 2026-01-15
|s 2025-11-10
|t 1
|w 2009-12-27
|y BK
|x No price found in the accession register.
|